000 00474nam a2200181Ia 4500
008 230711s9999||||xx |||||||||||||| ||und||
020 _a978-81-265-3954-3
041 _aENG
082 _a620.106
_bJA-F
100 _aJagadessha T
245 0 _aFluid Power : Generation,Transmission and Control
250 _a1st Ed.
260 _c2017
_aNew Delhi
_bWiley India Pvt.Ltd
300 _a592p.
650 _aMechanical Engineering
700 _aGowda,Thammaiah
942 _cBK
999 _c6668
_d6668